000 00421nam a22001697a 4500
003 MPLRDC
005 20220104150530.0
008 210129b ||||| |||| 00| 0 eng d
082 _a861.57 SCCY-3
100 _a森村诚一
245 _a黑色飞机的坠落
_c
250 _a一版一刷
260 _a
_b中国青年出版社
_c1987
300 _b
650 _a日本现代小说
942 _cBK
_o861.57 SCCY-3
999 _c51917
_d51907